| 000 | 00561nam a2200205 a 4500 | ||
|---|---|---|---|
| 005 | 20210219150259.0 | ||
| 008 | 991125s1990 mad 000 0 spa u | ||
| 020 | _a8485252853 | ||
| 035 | _aUPN01000010937 | ||
| 049 | _aCG | ||
| 050 | 4 |
_aLC8 _bE86 no.9 1990 |
|
| 100 | 1 | _aRamírez Camacho, Rafael A. | |
| 245 | 1 | 0 |
_aConocer al niño sordo / _cRafael A. Ramírez Camacho. |
| 250 | _a3a ed. | ||
| 260 |
_aMadrid : _bCEPE, _c1990. |
||
| 300 |
_a168 p. : _bil. |
||
| 440 | 0 |
_aEducación especial ; _v9 |
|
| 650 | 4 |
_aNIÑOS SORDOS - _xEDUCACION |
|
| 905 | _aLibro | ||
| 999 |
_c10937 _d10937 |
||